Normal view
MARC view
Entry Personal Name
001 - CONTROL NUMBER
- control field: 68733
003 - CONTROL NUMBER IDENTIFIER
- control field: dpl
005 - DATE AND TIME OF LATEST TRANSACTION
- control field: 20240723110855.0
008 - FIXED-LENGTH DATA ELEMENTS
- fixed length control field: 240723|| aca||aabn | a|a d
040 ## - CATALOGING SOURCE
- Original cataloging agency: dpl
- Transcribing agency: dpl
100 ## - HEADING--PERSONAL NAME
- Personal name: प्रभाकर, विष्णु
670 ## - SOURCE DATA FOUND
- Source citation: Work cat.: (dpl)204287: प्रभाकर, विष्णु, सरल पंचतंत्र /, 2014
